| 000 | 00423nam a22001697a 4500 | ||
|---|---|---|---|
| 005 | 20251108175851.0 | ||
| 008 | 250721s2020 xx 000 0 eng d | ||
| 082 | 1 | 4 | _aR/658.8/MAR |
| 100 | 1 | _aHOOLEY, GRAHAM | |
| 245 | 1 | 0 | _aMARKETING STRATEGY AND COMPETITIVE POSITIONING / |
| 250 | _a7ED. | ||
| 264 | 1 |
_aLONDON : _bPEARSON, _c2020. |
|
| 300 | _a594P. | ||
| 650 | 1 | 7 | _aMARKETING |
| 942 |
_2ddc _cREF |
||
| 999 |
_c144331 _d144331 |
||